| 000 | 00775nam a2200241 a 4500 | ||
|---|---|---|---|
| 001 | BRCA_4401 | ||
| 005 | 20190320204645.0 | ||
| 008 | 891026s1995 mx-a#####b---#000-0#spa-# | ||
| 020 | _a9688425826 | ||
| 041 | _aspa | ||
| 044 | _amx | ||
| 050 | 4 |
_aF1232 _b.L46 1995 |
|
| 100 | 1 |
_aLemoine, Ernesto _94341 |
|
| 245 | 1 | 0 |
_aInsurgencia y república federal _b1808-1824 _cestudio histórico y selección Ernesto Lemoine. |
| 250 | _a3 | ||
| 260 |
_aMéxico _bM. A. Porrúa _c1995 |
||
| 300 |
_a425 p. _bil. (algunas a color) _c28 cm. |
||
| 440 | 0 |
_aDocumentos para la historia del México independiente _v1 _911177 |
|
| 500 | _aColección Sonia Corcuera de Mancera | ||
| 651 | 4 |
_aMéxico _xHistoria _yGuerra de Independencia, 1810-1821 _911178 |
|
| 902 | _aDSC | ||
| 942 |
_2lcc _cB |
||
| 999 |
_c4112 _d4112 |
||